|
|
|
|
| LEADER |
00000naa2a2200000 4500 |
| 001 |
603907 |
| 005 |
20260205094216.0 |
| 035 |
|
|
|a (RuTPU)RU\TPU\conf\1127
|
| 035 |
|
|
|a RU\TPU\conf\1126
|
| 090 |
|
|
|a 603907
|
| 100 |
|
|
|a 20140210d2013 k y0rusy50 ca
|
| 101 |
0 |
|
|a rus
|
| 102 |
|
|
|a RU
|
| 135 |
|
|
|a drnn ---uucaa
|
| 181 |
|
0 |
|a i
|
| 182 |
|
0 |
|a b
|
| 200 |
1 |
|
|a Сравнительный анализ языков архитектурного моделирования ArchiMate и SysML
|f Ф. В. Станкевич
|g науч. рук. Е. А. Мирошниченко
|
| 203 |
|
|
|a Текст
|c электронный
|
| 225 |
1 |
|
|a Геоинформационные системы и технологии
|
| 300 |
|
|
|a Заглавие с титульного экрана
|
| 320 |
|
|
|a [Библиогр.: с. 388 (4 назв.)]
|
| 337 |
|
|
|a Adobe Reader
|
| 463 |
|
1 |
|0 (RuTPU)RU\TPU\conf\515
|t Молодежь и современные информационные технологии
|o сборник трудов XI Международной научно-практической конференции студентов, аспирантов и молодых ученых, г. Томск, 13-16 ноября 2013 г.
|f Национальный исследовательский Томский политехнический университет (ТПУ) ; под ред. Е. А. Сикоры и др.
|v [С. 386-388]
|d 2013
|
| 610 |
1 |
|
|a труды учёных ТПУ
|
| 610 |
1 |
|
|a электронный ресурс
|
| 610 |
1 |
|
|a сравнительный анализ
|
| 610 |
1 |
|
|a языки моделирования
|
| 610 |
1 |
|
|a архитектурное моделирование
|
| 610 |
1 |
|
|a ArchiMate
|
| 610 |
1 |
|
|a SysML
|
| 700 |
|
1 |
|a Станкевич
|b Ф. В.
|c специалист в области информатики и вычислительной техники
|c лаборант Томского политехнического университета
|f 1990-
|g Филипп Владимирович
|3 (RuTPU)RU\TPU\pers\33453
|
| 702 |
|
1 |
|a Мирошниченко
|b Е. А.
|c специалист в области информатики и вычислительной техники
|c доцент Томского политехнического университета, кандидат технических наук
|f 1972-
|g Евгений Александрович
|4 727
|
| 712 |
0 |
2 |
|a Национальный исследовательский Томский политехнический университет (ТПУ)
|b Институт кибернетики (ИК)
|b Кафедра вычислительной техники (ВТ)
|3 (RuTPU)RU\TPU\col\18699
|
| 801 |
|
2 |
|a RU
|b 63413507
|c 20220328
|g RCR
|
| 856 |
4 |
|
|u http://earchive.tpu.ru/handle/11683/70296
|
| 856 |
4 |
|
|u http://www.lib.tpu.ru/fulltext/c/2013/C04/181.pdf
|
| 942 |
|
|
|c CF
|